Normal view
MARC view
Entry Personal Name
001 - CONTROL NUMBER
- control field: 244743
003 - CONTROL NUMBER IDENTIFIER
- control field: OSt
005 - DATE AND TIME OF LATEST TRANSACTION
- control field: 20251107144647.0
008 - FIXED-LENGTH DATA ELEMENTS
- fixed length control field: 251107|| aca||aabn | a|a d
040 ## - CATALOGING SOURCE
- Original cataloging agency: OSt
- Transcribing agency: OSt
100 ## - HEADING--PERSONAL NAME
- Personal name: BHARAT KUMAR (Yo)
670 ## - SOURCE DATA FOUND
- Source citation: Work cat.: (OSt)119797: SHANKARA BHAT (D N) ಡಿ.ಎನ್. ಶಂಕರ ಬಟ್ 244738, Inglish kannada padanerake, 2015